[Event "UGA olympic qual"]
[Site "Kampala"]
[Date "2022.03.06"]
[Round "4"]
[White "Etoru, Amos"]
[Black "Ssali, Julius"]
[Result "1/2-1/2"]
[WhiteElo "1928"]
[BlackElo "2013"]
[PlyCount "28"]
[EventDate "2022.03.05"]
[EventType "tourn"]
[EventRounds "13"]
[EventCountry "UGA"]
[SourceTitle "EXT 2023"]
[Source "ChessBase"]
[SourceDate "2022.10.05"]
[SourceVersion "1"]
[SourceVersionDate "2022.10.05"]
[SourceQuality "1"]

1. d4 Nf6 2. g3 d5 3. Bg2 c5 4. c3 Nc6 5. Nf3 Bf5 6. dxc5 a5 7. Nd4 Be4 8. f3 Bg6 9. Qa4 Qd7 10. Nxc6 Qxc6 11. Qxc6+ bxc6 12. b4 axb4 13. cxb4 e6 14. Nd2 Be7 1/2-1/2

[Event "UGA olympic qual"]
[Site "Kampala"]
[Date "2022.03.06"]
[Round "3"]
[White "Ssali, Julius"]
[Black "Musasizi, Emmanuel"]
[Result "1/2-1/2"]
[WhiteElo "2013"]
[BlackElo "1939"]
[PlyCount "40"]
[EventDate "2022.03.05"]
[EventType "tourn"]
[EventRounds "13"]
[EventCountry "UGA"]
[SourceTitle "EXT 2023"]
[Source "ChessBase"]
[SourceDate "2022.10.05"]
[SourceVersion "1"]
[SourceVersionDate "2022.10.05"]
[SourceQuality "1"]

1. d4 Nf6 2. Nf3 e6 3. c4 Bb4+ 4. Bd2 Qe7 5. a3 Bxd2+ 6. Qxd2 b6 7. Nc3 Bb7 8. Qc2 d6 9. e4 0-0 10. Be2 c5 11. 0-0 Nc6 12. Rad1 e5 13. dxe5 dxe5 14. Nd5 Nxd5 15. cxd5 Nd4 16. Qd2 f5 17. Bc4 Qd6 18. Nxd4 exd4 19. f3 Rae8 20. Qd3 Re5 1/2-1/2

[Event "UGA-chT 2122"]
[Site "Kampala"]
[Date "2021.12.12"]
[Round "7.1"]
[White "Obita, Francis"]
[Black "Ssali, Julius"]
[Result "0-1"]
[WhiteElo "1694"]
[BlackElo "1992"]
[PlyCount "70"]
[EventDate "2021.10.24"]
[EventType "team-swiss"]
[EventRounds "14"]
[EventCountry "UGA"]
[SourceTitle "EXT 2023"]
[Source "ChessBase"]
[SourceDate "2022.10.05"]
[SourceVersion "1"]
[SourceVersionDate "2022.10.05"]
[SourceQuality "1"]
[WhiteTeam "Jinja Knights CC"]
[BlackTeam "SOM Katwe"]
[WhiteTeamCountry "UGA"]
[BlackTeamCountry "UGA"]

1. e4 e5 2. Nf3 Nf6 3. d4 Nxe4 4. Bd3 d5 5. Nxe5 Nd7 6. Nxd7 Bxd7 7. 0-0 Be7 8. Re1 Nf6 9. Bg5 0-0 10. Nd2 Bg4 11. Be2 Bf5 12. Bf3 Re8 13. c3 Qd7 14. Nf1 h6 15. Bh4 c6 16. Ne3 Bg6 17. Bxf6 Bxf6 18. Qa4 Bg5 19. Ng4 f6 20. g3 h5 21. Ne3 Bxe3 22. Rxe3 Rxe3 23. fxe3 Qf5 24. Kf2 Qh3 25. Bg2 Qf5+ 26. Bf3 h4 27. g4 Qe6 28. Re1 f5 29. h3 fxg4 30. Bxg4 Rf8+ 31. Kg1 Qf6 32. Re2 Qf1+ 33. Kh2 Rf2+ 34. Rxf2 Qxf2+ 35. Kh1 Be4+ 0-1

[Event "Kampala Rwabushenyi Memorial"]
[Site "Kampala"]
[Date "2021.12.04"]
[Round "6"]
[White "Ssali, Julius"]
[Black "Muwanika, Phillip"]
[Result "1-0"]
[WhiteElo "1992"]
[BlackElo "1745"]
[PlyCount "105"]
[EventDate "2021.12.02"]
[EventType "swiss"]
[EventRounds "8"]
[EventCountry "UGA"]
[SourceTitle "EXT 2023"]
[Source "ChessBase"]
[SourceDate "2022.10.05"]
[SourceVersion "1"]
[SourceVersionDate "2022.10.05"]
[SourceQuality "1"]

1. d4 d6 2. e4 Nf6 3. Nc3 c6 4. Nf3 Qa5 5. Bd3 e5 6. 0-0 Be7 7. Bd2 Qc7 8. h3 0-0 9. a4 Re8 10. dxe5 dxe5 11. Bc4 h6 12. Qe2 Bf8 13. Nh4 Be6 14. Bxe6 Rxe6 15. Nf5 Nbd7 16. Be3 Rd8 17. Qc4 Nb6 18. Qb3 Nc8 19. a5 b6 20. axb6 axb6 21. Qc4 Nd6 22. Nxd6 Rexd6 23. Nb5 Qb7 24. Nxd6 Bxd6 25. Qa6 Rb8 26. Qxb7 Rxb7 27. f3 Nd7 28. Ra8+ Kh7 29. Rfa1 Bb8 30. Rd1 Nf6 31. g4 Kg6 32. h4 Ba7 33. h5+ Kh7 34. Rdd8 g5 35. Rd6 Kg7 36. Rxc6 Nd7 37. Rac8 Bb8 38. Rd8 Ba7 39. c4 Nf6 40. Kf1 Nd7 41. b4 Nb8 42. Rcc8 Na6 43. b5 Nb4 44. Rg8+ Kf6 45. Rh8 Nc2 46. Ke2 Nd4+ 47. Bxd4 exd4 48. Kd3 Ke5 49. Rxh6 Bb8 50. Re8+ Kf4 51. Rf6+ Kg3 52. h6 Bf4 53. h7 1-0

[Event "Kampala Rwabushenyi Memorial"]
[Site "Kampala"]
[Date "2021.12.03"]
[Round "4"]
[White "Ssali, Julius"]
[Black "Tandeka, Shiloh"]
[Result "1-0"]
[WhiteElo "1992"]
[BlackElo "1496"]
[PlyCount "101"]
[EventDate "2021.12.02"]
[EventType "swiss"]
[EventRounds "8"]
[EventCountry "UGA"]
[SourceTitle "EXT 2023"]
[Source "ChessBase"]
[SourceDate "2022.10.05"]
[SourceVersion "1"]
[SourceVersionDate "2022.10.05"]
[SourceQuality "1"]

1. d4 d5 2. c4 e6 3. Nf3 Nf6 4. Nc3 Be7 5. Bg5 h6 6. Bh4 c6 7. e3 Nbd7 8. cxd5 cxd5 9. Bd3 0-0 10. h3 b6 11. 0-0 Bb7 12. Rc1 Ne8 13. Bxe7 Qxe7 14. Nb5 Ndf6 15. Qb3 Ba6 16. Ne5 Bxb5 17. Qxb5 Nd6 18. Qb4 Nf5 19. Qxe7 Nxe7 20. Rc7 Nc8 21. Rfc1 Nd6 22. Ba6 Rfd8 23. f3 Nfe8 24. R7c3 Nf6 25. Kf2 Nde4+ 26. fxe4 Nxe4+ 27. Ke2 Nxc3+ 28. Rxc3 f6 29. Nd3 Re8 30. Rc7 Kf8 31. Nf4 e5 32. dxe5 fxe5 33. Nxd5 Kg8 34. e4 Rf8 35. Bc8 Kh8 36. Bf5 Rae8 37. Ne7 Rf6 38. Rxa7 Rd6 39. Nd5 Rf8 40. Rb7 Rxf5 41. exf5 Rxd5 42. Rxb6 e4 43. f6 gxf6 44. Rxf6 Rb5 45. b3 Rg5 46. g4 Kg7 47. Re6 e3 48. Rxe3 h5 49. Kf3 hxg4+ 50. hxg4 Kf6 51. b4 1-0

[Event "UGA-chT 2122"]
[Site "Kampala"]
[Date "2021.11.28"]
[Round "6.1"]
[White "Ssali, Julius"]
[Black "Lubega, Solomon Lwanga"]
[Result "1-0"]
[WhiteElo "1992"]
[BlackElo "2063"]
[PlyCount "137"]
[EventDate "2021.10.24"]
[EventType "team-swiss"]
[EventRounds "14"]
[EventCountry "UGA"]
[SourceTitle "EXT 2023"]
[Source "ChessBase"]
[SourceDate "2022.10.05"]
[SourceVersion "1"]
[SourceVersionDate "2022.10.05"]
[SourceQuality "1"]
[WhiteTeam "SOM Katwe"]
[BlackTeam "DMark CC"]
[WhiteTeamCountry "UGA"]
[BlackTeamCountry "UGA"]

1. d4 Nf6 2. Nf3 e6 3. c4 Be7 4. Nc3 0-0 5. Bg5 b6 6. e3 Bb7 7. Bd3 d6 8. 0-0 Nbd7 9. e4 c5 10. Re1 cxd4 11. Nxd4 Rc8 12. Nf3 Nc5 13. Bc2 a6 14. h3 h6 15. Bf4 e5 16. Bh2 Ne6 17. Qd3 Nh5 18. g3 Nc5 19. Qe2 Nf6 20. Red1 Ncd7 21. Rac1 Qc7 22. Bd3 Qb8 23. Qe3 Rfe8 24. Nh4 Bf8 25. Nf5 Qa8 26. Re1 Nc5 27. Bb1 Ncd7 28. b3 Rc5 29. Na4 Rc6 30. Nc3 Rc5 31. Na4 Rc6 32. Nc3 Kh7 33. g4 Qd8 34. g5 g6 35. Nxh6 Bxh6 36. gxh6 Ng8 37. Qf3 Qf6 38. Qxf6 Ndxf6 39. Rcd1 g5 40. Nd5 Kxh6 41. Nxf6 Nxf6 42. Rd2 Re6 43. f3 Bc8 44. Red1 Nh5 45. Bd3 Rf6 46. Kg2 Kg7 47. Be2 Rh6 48. Bf1 Nf4+ 49. Bxf4 Bxh3+ 50. Kf2 gxf4 51. Bxh3 Rxh3 52. Rxd6 Rh2+ 53. Kg1 Rxd6 54. Rxd6 Rh6 55. Rxh6 Kxh6 56. Kf2 Kg6 57. Ke2 Kf6 58. b4 Ke6 59. c5 bxc5 60. bxc5 Kd7 61. Kd3 a5 62. Kc4 Kc6 63. a3 a4 64. Kb4 f5 65. exf5 e4 66. f6 exf3 67. f7 f2 68. f8Q f1Q 69. Qd6+ 1-0

[Event "Kampala Kantinti Memorial op"]
[Site "Kampala"]
[Date "2020.02.14"]
[Round "4"]
[White "Nakabo, Peninah"]
[Black "Ssali, Julius"]
[Result "0-1"]
[WhiteElo "1685"]
[BlackElo "1988"]
[PlyCount "92"]
[EventDate "2020.02.14"]
[EventType "swiss"]
[EventRounds "7"]
[EventCountry "UGA"]
[SourceTitle "EXT 2021"]
[Source "ChessBase"]
[SourceDate "2020.10.23"]
[SourceVersion "1"]
[SourceVersionDate "2020.10.23"]
[SourceQuality "1"]

1. e4 e5 2. Nc3 Nf6 3. g3 Nc6 4. Bg2 Bc5 5. Nge2 0-0 6. 0-0 a5 7. d3 d6 8. h3 Be6 9. Nd5 h6 10. Be3 Bxe3 11. Nxe3 d5 12. exd5 Nxd5 13. Nxd5 Bxd5 14. Nc3 Bxg2 15. Kxg2 Nd4 16. Re1 Qd6 17. Ne4 Qc6 18. c3 Ne6 19. Qf3 Rad8 20. Rad1 f5 21. Nd2 Qb5 22. Nc4 e4 23. Qe2 Nc5 24. dxe4 fxe4 25. Rxd8 Rxd8 26. Ne5 Nd3 27. Nxd3 exd3 28. Qd2 Qd5+ 29. f3 Qxa2 30. Re7 Qb1 31. Kf2 Kf8 32. Re5 Qc2 33. Ke3 Rd6 34. Re4 Rb6 35. Qxd3 Qxd3+ 36. Kxd3 Rxb2 37. h4 Rb6 38. h5 Kf7 39. Re5 Rd6+ 40. Kc4 Rc6+ 41. Kd3 b6 42. g4 Rf6 43. Re3 Re6 44. f4 Rxe3+ 45. Kxe3 Kf6 46. Kd4 c6 0-1

[Event "Kampala Kireka op 4th"]
[Site "Kampala"]
[Date "2019.12.29"]
[Round "5"]
[White "Ssali, Julius"]
[Black "Ssonko, Mathias Allan"]
[Result "1/2-1/2"]
[WhiteElo "1945"]
[BlackElo "2167"]
[PlyCount "82"]
[EventDate "2019.12.27"]
[EventType "swiss"]
[EventRounds "8"]
[EventCountry "UGA"]
[SourceTitle "EXT 2022"]
[Source "ChessBase"]
[SourceDate "2021.10.06"]
[SourceVersion "1"]
[SourceVersionDate "2021.10.06"]
[SourceQuality "1"]

1. d4 e6 2. c4 f5 3. Nc3 Nf6 4. Nf3 d6 5. Bg5 Be7 6. e3 0-0 7. Bd3 Nc6 8. Qb3 Kh8 9. 0-0-0 a5 10. Rhe1 Bd7 11. a3 a4 12. Qc2 Na5 13. e4 Nb3+ 14. Kb1 h6 15. Bxf6 Bxf6 16. e5 dxe5 17. dxe5 Be7 18. Qe2 Qe8 19. Bc2 Nc5 20. Nd4 Bc6 21. f4 Qg6 22. Nxc6 bxc6 23. Rg1 Qg4 24. Qxg4 fxg4 25. g3 Rfb8 26. Ka2 Rb6 27. Rg2 g5 28. f5 Rab8 29. Bb1 Rb3 30. f6 Bf8 31. Bg6 Kg8 32. Rc2 Kh8 33. Bh5 Kh7 34. Rd4 Kg8 35. Bxg4 Kh8 36. Bf3 R3b6 37. h4 gxh4 38. gxh4 Nb3 39. Rd1 Ra6 40. Rd7 Nc5 41. Rxc7 Rab6 1/2-1/2

[Event "UGA-chT"]
[Site "Kampala"]
[Date "2019.07.14"]
[Round "2.2"]
[White "Ssali, Julius"]
[Black "Mudangi, Isaac"]
[Result "1-0"]
[WhiteElo "1917"]
[BlackElo "1742"]
[PlyCount "96"]
[EventDate "2019.07.14"]
[EventType "team-swiss"]
[EventRounds "14"]
[EventCountry "UGA"]
[SourceTitle "CBM 195 Extra"]
[Source "ChessBase"]
[SourceDate "2020.05.31"]
[SourceVersion "1"]
[SourceVersionDate "2020.05.31"]
[SourceQuality "1"]
[WhiteTeam "SOM Katwe"]
[BlackTeam "Makerere University"]
[WhiteTeamCountry "UGA"]
[BlackTeamCountry "UGA"]

1. d4 Nf6 2. Nf3 d5 3. c4 e6 4. Nc3 Be7 5. e3 0-0 6. Bd3 dxc4 7. Bxc4 c5 8. 0-0 Nc6 9. dxc5 Bxc5 10. Qe2 Qc7 11. Na4 Be7 12. e4 Ne5 13. Bb3 Bd7 14. Nc3 Bc6 15. h3 Rad8 16. Bf4 Nxf3+ 17. Qxf3 Qa5 18. Rfe1 Bd6 19. Rad1 Bxf4 20. Qxf4 Rxd1 21. Rxd1 Rd8 22. Rxd8+ Qxd8 23. e5 Nd5 24. Qd2 Qa5 25. Ne4 Qxd2 26. Nxd2 Nf4 27. g3 Nxh3+ 28. Kf1 Ng5 29. Ke2 Ne4 30. Nc4 Bb5 31. Ke3 Bxc4 32. Bxc4 Nc5 33. Kd4 b6 34. b4 Nd7 35. Bb5 Nb8 36. f4 Kf8 37. g4 Ke7 38. a3 a6 39. Bd3 g6 40. g5 Kd7 41. Be4 Kc7 42. a4 b5 43. axb5 Kb6 44. bxa6 Nxa6 45. Kc4 Nc7 46. Bf3 Na6 47. b5 Nc7 48. Bc6 Ka7 1-0

[Event "Kiwawu op 12th"]
[Site "Kiwawu"]
[Date "2018.12.13"]
[Round "5"]
[White "Ssali, Julius"]
[Black "Buyinza, Richard"]
[Result "1-0"]
[WhiteElo "1882"]
[BlackElo "1994"]
[PlyCount "51"]
[EventDate "2018.12.11"]
[EventType "swiss"]
[EventRounds "8"]
[EventCountry "UGA"]
[SourceTitle "CBM 187 Extra"]
[Source "ChessBase"]
[SourceDate "2018.11.04"]
[SourceVersion "1"]
[SourceVersionDate "2018.11.04"]
[SourceQuality "1"]

1. d4 f5 2. Nc3 d5 3. Bf4 e6 4. Nf3 Nf6 5. e3 Bd6 6. Bb5+ c6 7. Bd3 0-0 8. 0-0 Qc7 9. Ne2 Nh5 10. Bxd6 Qxd6 11. c4 Nd7 12. Nc3 g6 13. Qc2 Nhf6 14. Rad1 Ne4 15. a3 Nxc3 16. Qxc3 Nf6 17. c5 Qc7 18. Ne5 Bd7 19. a4 a6 20. Rb1 Rab8 21. Rfd1 Be8 22. a5 Nd7 23. Nxd7 Bxd7 24. f4 Kf7 25. Qe1 Qd8 26. b4 1-0